| 000 | 00530nam a22001577a 4500 | ||
|---|---|---|---|
| 003 | OSt | ||
| 005 | 20150922085657.0 | ||
| 008 | 150922b xxu||||| |||| 00| 0 eng d | ||
| 040 | _cRUA | ||
| 082 | _aAGR KEP 2010 B045 Or.1 | ||
| 100 |
_91070 _aKEP, KIMLEANG. |
||
| 245 | _aeffect of hill spacing on yield of four rice varieties (ឥទ្ធិពលនៃចន្លោះគុម្ពលើពូជស្រូវបួនពូជ) | ||
| 260 |
_aPhnom Penh _bRUA _c2010 |
||
| 300 |
_axi, 47p. _bill. _c29cm. |
||
| 942 |
_2ddc _cAGR |
||
| 999 |
_c1026 _d1026 |
||